000 00504nam a2200181Ia 4500
005 20250508163627.0
008 008 250505s9999 xx 000 0 eng d
037 _aTextual
040 _aFEDL
_beng
_cFEDL
041 _aeng
_2eng
084 _a294.5924, RAG
_qFEDL
100 _aRaghavachar S.S.
_9775813
245 0 _aRamanuja on the gita
260 _aCalcutta, India
_bAdvaita Ashrama
_c1991
300 _axxv,213p.
942 _cTEXL
_h294.5924, RAG
999 _c1384413
_d1384413